The soul of soil : (Record no. 22564)

000 -LEADER
fixed length control field 00585cam a2200193 a 4500
020 ## - INTERNATIONAL STANDARD BOOK NUMBER
ISBN 1890132314 (alk. paper)
040 ## - CATALOGING SOURCE
Transcribing agency DLC
082 00 - DEWEY DECIMAL CLASSIFICATION NUMBER
Classification number 631 GRA 1999 C074 Or.
100 1# - MAIN ENTRY--AUTHOR NAME
Personal name Gershuny, Grace.
245 14 - TITLE STATEMENT
Title The soul of soil :
Remainder of title a soil-building guide for master gardeners and farmers /
250 ## - EDITION STATEMENT
Edition statement 4th ed.
260 ## - PUBLICATION, DISTRIBUTION, ETC. (IMPRINT)
Place of publication White River Junction, Vt. :
Name of publisher Chelsea Green Pub. Co.,
Year of publication c1999.
300 ## - PHYSICAL DESCRIPTION
Number of Pages xvi, 173 p. :
Other physical details ill. ;
Dimensions 23 cm.
650 #0 - SUBJECT ADDED ENTRY--TOPICAL TERM
Topical Term Soil management.
650 #0 - SUBJECT ADDED ENTRY--TOPICAL TERM
Topical Term Organic farming.
650 #0 - SUBJECT ADDED ENTRY--TOPICAL TERM
Topical Term Agricultural ecology.
700 1# - ADDED ENTRY--PERSONAL NAME
Personal name Smillie, Joseph.
942 ## - ADDED ENTRY ELEMENTS (KOHA)
Koha item type ADB
952 ## - LOCATION AND ITEM INFORMATION (KOHA)
Withdrawn status [LOCAL, KOHA] 0
Holdings
Permanent Location Date acquired Koha item type Lost status Shelving location Barcode Current Location Full call number
Library Block C2024-01-15ADB C074a36126Library Block C631 GRA 1999 C074 Or.
មជ្ឈមណ្ឌលឯការនៃសាកលវិទ្យាល័យភូមិន្ទកសិកម្មចំការដូង

Powered by Koha